00423nam a2200145Ia 4500008004100000020001800041082002300059100002900082245006200111250000700173260002400180300001100204500002200215650004000237120622s9999 xx 000 0 und d a970-07-2182-5 a341.026 S439d 2000 aSeara Vázquez, Modesto aDerecho internacional público / Modesto Seara Vázquez a18 aMéxico : Porrúa a799 p. aIncluye índices a1. DERECHO INTERNACIONAL PUBLICOÌ